Harry Potter: la Bièraubeurre - Statistiques

Statistiques générales
  • Ce quiz a été pris 40 fois
  • Le résultat moyen est 4 sur 6
Statistiques - réponses
Information Réponses % Correct
Dernière apparition Harry Potter et les Reliques de la Mort
100%
Première apparition Harry Potter et le Prisonnier d'Azkaban
97%
Vendeur connu Le Chaudron Baveur
54%
Vendeur connu La Tête de Sanglier
49%
Vendeur connu Les Trois Balais
49%
Prix 2 mornilles
19%
Aucun quiz correspondant
Distribution des résultats
% des personnes avec chaque résultat
Percentile par nombre de réponses
Votre historique - résultats
Vous n’avez pas pris ce quiz